LEADER 01074nam a2200277 u 4500 001 000000079123 003 CaOOAMICUS 005 20070226123514.0 008 040526s1962 gw u000 u ger u 035 $a10996826 040 $aPUL$bita 100 1 $aSiewerth, Gustav.$0(OLS)http://pul/name/34034 245 10$aPhilosophie der Sprache /$cGustav Siewerth. 260 $aEinsiedeln :$bJohannes Verlag,$cc1962. 300 $a159 p. ;$c23 cm 490 1 $aHorizonte ;$v9 650 4$aFilosofia del linguaggio.$0(OLS)http://pul/subject/8316 830 0$aHorizonte ;$v9.$0(OLS)http://pul/title/72105 850 $aPUL 852 $aPUL$W1$xSL Cons. Gen., Altre Classi 3$y75$m401 SIEGU 1$j101324$nBK-PRI$qDDC 21$B101324$CPULBib$Z2$F101324 $H88768 $82 941 1 $a9 960 $aLinguaggio$xFilosofia$98316 960 $aLinguaggio e filosofia$98316 960 $aLinguaggio e pensiero$98316 996 $6245$aPhilosophie der Sprache$9(OLS)http://pul/title/103572 996 $6260$aEinsiedeln :$bJohannes Verlag$9(OLS)http://pul/publisher/66113 LEADER 00952nam a2200265 a 4500 001 000000136550 003 CaOOAMICUS 005 20131129140537.0 008 131129s1965 it u000 u ita r 040 $aPUL$bita 041 1 $aita$hrus 100 1 $aBabel, Isaac.$0(OLS)http://pul/name/87961 240 10$aKonarmija.$lItaliano.$0(OLS)http://pul/title/172811 245 12$aL'armata a cavallo /$cIsaac Babel. 260 $aMilano :$bFeltrinelli,$c1965. 300 $a154 p. ;$c18 cm 490 1 $aUniversale economica ;$v497 830 0$aUniversale Economica ;$v497.$0(OLS)http://pul/title/12276 850 $aPUL 852 $aPUL$W1$xDP1 Fondo E. Rossi$y115$m2 E 4$j131071$qFondi$B156745$CPULBib$Z2$F156745 $82 941 1 $a1 961 $aSul dorso collocazione ms. di E. Rossi: V 3 996 $6245$aL'armata a cavallo$9(OLS)http://pul/title/172812 996 $6260$aMilano :$bFeltrinelli$9(OLS)http://pul/publisher/48846